[Event "IBCA World-chT blind 9th"]
[Site "Ohrid"]
[Date "2022.07.04"]
[Round "7.3"]
[White "Bratu, Gheorghe"]
[Black "Znuderl, Matej"]
[Result "1-0"]
[WhiteElo "1702"]
[BlackElo "1879"]
[PlyCount "63"]
[EventDate "2022.06.28"]
[EventType "team-swiss"]
[EventRounds "9"]
[EventCountry "MKD"]
[SourceTitle "EXT 2024"]
[Source "ChessBase"]
[SourceDate "2023.10.10"]
[SourceVersion "1"]
[SourceVersionDate "2023.10.10"]
[SourceQuality "1"]
[WhiteTeam "Romania"]
[BlackTeam "Slovenia"]
[WhiteTeamCountry "ROU"]
[BlackTeamCountry "SLO"]

1. Nf3 c5 2. g3 Nc6 3. d4 cxd4 4. Nxd4 Nf6 5. Bg2 g6 6. c4 Bg7 7. Nc3 0-0 8. 0-0 Qb6 9. Nb3 d6 10. Nd5 Qd8 11. Bg5 Ne5 12. Bxf6 exf6 13. Rc1 Be6 14. Nd4 Rc8 15. b3 Re8 16. Qd2 Ng4 17. h3 Bh6 18. e3 Bxd5 19. Bxd5 Nxe3 20. Rfe1 Nf5 21. f4 Qb6 22. Rxe8+ Rxe8 23. Rd1 Nxg3 24. Kg2 Nh5 25. Rf1 f5 26. Rf2 Nf6 27. Re2 Ne4 28. Bxe4 fxe4 29. Nb5 f5 30. Qd5+ Kf8 31. Nxd6 Rd8 32. Qf7# 1-0

[Event "IBCA World-chT blind 9th"]
[Site "Ohrid"]
[Date "2022.07.01"]
[Round "4.1"]
[White "Znuderl, Matej"]
[Black "Gashi, Gani1111"]
[Result "1-0"]
[WhiteElo "1879"]
[BlackElo "1738"]
[PlyCount "89"]
[EventDate "2022.06.28"]
[EventType "team-swiss"]
[EventRounds "9"]
[EventCountry "MKD"]
[SourceTitle "EXT 2024"]
[Source "ChessBase"]
[SourceDate "2023.10.10"]
[SourceVersion "1"]
[SourceVersionDate "2023.10.10"]
[SourceQuality "1"]
[WhiteTeam "Slovenia"]
[BlackTeam "Kosovo"]
[WhiteTeamCountry "SLO"]
[BlackTeamCountry "KOS"]

1. e4 c5 2. Nf3 e6 3. c4 Nc6 4. Nc3 g6 5. d4 cxd4 6. Nxd4 Bg7 7. Be3 Nge7 8. Be2 a6 9. Qd2 Nxd4 10. Bxd4 e5 11. Bc5 b6 12. Bd6 Bb7 13. Nd5 Bxd5 14. cxd5 Nc8 15. Ba3 b5 16. Rc1 h5 17. Rc3 Qb6 18. Bc5 Qb7 19. 0-0 d6 20. Be3 Ne7 21. Rfc1 Rc8 22. Rxc8+ Nxc8 23. Qa5 0-0 24. Rc6 f5 25. exf5 Rxf5 26. Bd3 Rf6 27. Qxa6 Qxa6 28. Rxa6 Ne7 29. Bxb5 Kh7 30. Bg5 Rf7 31. Rxd6 Nf5 32. Rd7 Rxd7 33. Bxd7 Nd6 34. a4 e4 35. Be7 Nc4 36. b4 Bc3 37. Bc5 Ne5 38. Be8 Nd3 39. Be7 Bd4 40. d6 Bxf2+ 41. Kf1 e3 42. d7 Bg1 43. d8Q Nf4 44. Kxg1 e2 45. Kf2 1-0

[Event "SLO-ch blind int 13th"]
[Site "Izola"]
[Date "2019.06.06"]
[Round "4"]
[White "Znuderl, Matej"]
[Black "Tuka, Oleg"]
[Result "0-1"]
[WhiteElo "1909"]
[BlackElo "2347"]
[PlyCount "60"]
[EventDate "2019.06.03"]
[EventType "swiss"]
[EventRounds "7"]
[EventCountry "SLO"]
[SourceTitle "CBM 190 Extra"]
[Source "ChessBase"]
[SourceDate "2019.07.15"]
[SourceVersion "1"]
[SourceVersionDate "2019.07.15"]
[SourceQuality "1"]

1. e4 g6 2. d4 Bg7 3. Nf3 d6 4. Bc4 c6 5. 0-0 b5 6. Bb3 Nd7 7. Re1 Nb6 8. Nc3 a5 9. a3 Nf6 10. Bg5 0-0 11. e5 dxe5 12. dxe5 Nfd5 13. Qd3 h6 14. Nxd5 Nxd5 15. Bh4 Re8 16. Rad1 Bb7 17. c3 Qb6 18. e6 f5 19. Ne5 Bxe5 20. Rxe5 Rf8 21. Qg3 Kh7 22. Bc2 Rad8 23. Qf3 c5 24. Rxf5 Nf6 25. Rxd8 Bxf3 26. Rxf8 Qxe6 27. gxf3 gxf5 28. Bg3 Kg6 29. Kg2 Qe2 30. Bb3 c4 0-1

[Event "SLO-ch blind int 13th"]
[Site "Izola"]
[Date "2019.06.03"]
[Round "1"]
[White "Znuderl, Matej"]
[Black "Kastrati, Shaip"]
[Result "1-0"]
[WhiteElo "1909"]
[BlackElo "1586"]
[PlyCount "73"]
[EventDate "2019.06.03"]
[EventType "swiss"]
[EventRounds "7"]
[EventCountry "SLO"]
[SourceTitle "CBM 190 Extra"]
[Source "ChessBase"]
[SourceDate "2019.07.15"]
[SourceVersion "1"]
[SourceVersionDate "2019.07.15"]
[SourceQuality "1"]

1. e4 e5 2. Nf3 Nc6 3. d4 exd4 4. Nxd4 Ne5 5. Be2 Be7 6. 0-0 d6 7. Nc3 Nf6 8. f4 Ned7 9. Be3 c6 10. Nf5 0-0 11. Nxd6 Qc7 12. e5 Ne8 13. Nce4 Nb6 14. c4 f5 15. Nxe8 Rxe8 16. Nd6 Rd8 17. c5 Nd5 18. Bd2 Be6 19. Qc2 Rf8 20. Rf3 b6 21. b4 Qd7 22. a4 Rab8 23. Bc4 Kh8 24. Rh3 Bg8 25. Rc1 Bxd6 26. cxd6 Rbc8 27. Ba6 Rb8 28. Qxc6 Rfd8 29. Qxd7 Rxd7 30. Bc8 Rd8 31. Bxf5 g6 32. Bxg6 Kg7 33. Bf5 Rf8 34. g4 Rfe8 35. b5 Rb7 36. Rc8 Kf8 37. d7 1-0

[Event "Portoroz op 10th"]
[Site "Portoroz"]
[Date "2016.07.29"]
[Round "8"]
[White "Znuderl, Matej"]
[Black "Petauer, Eva"]
[Result "1-0"]
[WhiteElo "1994"]
[BlackElo "1891"]
[PlyCount "92"]
[EventDate "2016.07.23"]
[EventType "swiss"]
[EventRounds "9"]
[EventCountry "SLO"]
[SourceTitle "CBM 173 Extra"]
[Source "ChessBase"]
[SourceDate "2016.08.29"]
[SourceVersion "1"]
[SourceVersionDate "2016.08.29"]
[SourceQuality "1"]

1. e4 e5 2. Nf3 Nc6 3. Bb5 Bc5 4. 0-0 Nd4 5. Nxd4 Bxd4 6. c3 Bb6 7. d4 c6 8. Bc4 d6 9. dxe5 dxe5 10. Qb3 Qe7 11. a4 Nf6 12. a5 Bc7 13. Qc2 0-0 14. b4 Nh5 15. Be3 Nf4 16. f3 Qg5 17. Kh1 Qg6 18. Na3 b5 19. Bb3 Kh8 20. Rad1 f5 21. Bc5 Re8 22. g3 Nh3 23. c4 fxe4 24. cxb5 Bf5 25. g4 e3 26. gxf5 Qh6 27. bxc6 Rad8 28. Qe2 Nf2+ 29. Rxf2 exf2 30. Bxf2 Qxc6 31. Bc5 Bxa5 32. Rxd8 Rxd8 33. Nc4 Bc7 34. Qe4 Qh6 35. Ne3 Qa6 36. Bd5 Qa1+ 37. Kg2 Qb2+ 38. Kh3 Bb6 39. Nc4 Qc1 40. Nxb6 axb6 41. Bxb6 Qf1+ 42. Kg3 Rc8 43. Qxe5 Qb5 44. Bd4 Qb8 45. f6 Qxe5+ 46. Bxe5 Rd8 1-0

[Event "Portoroz op 10th"]
[Site "Portoroz"]
[Date "2016.07.27"]
[Round "6"]
[White "Znuderl, Matej"]
[Black "Petran, Peter"]
[Result "1/2-1/2"]
[WhiteElo "1994"]
[BlackElo "2332"]
[PlyCount "25"]
[EventDate "2016.07.23"]
[EventType "swiss"]
[EventRounds "9"]
[EventCountry "SLO"]
[SourceTitle "CBM 173 Extra"]
[Source "ChessBase"]
[SourceDate "2016.08.29"]
[SourceVersion "1"]
[SourceVersionDate "2016.08.29"]
[SourceQuality "1"]

1. e4 g6 2. d4 Bg7 3. Nc3 c6 4. Nf3 d5 5. h3 dxe4 6. Nxe4 Nf6 7. Bd3 0-0 8. 0-0 Nxe4 9. Bxe4 Nd7 10. Re1 Nf6 11. Bd3 b6 12. c4 Bb7 13. Qc2 1/2-1/2

[Event "SLO-ch blind int 11th"]
[Site "Izola"]
[Date "2015.06.09"]
[Round "3"]
[White "Barghol, Fatemeh"]
[Black "Znuderl, Matej"]
[Result "1/2-1/2"]
[WhiteElo "1600"]
[BlackElo "1988"]
[PlyCount "146"]
[EventDate "2015.06.08"]
[EventType "swiss"]
[EventRounds "7"]
[EventCountry "SLO"]
[SourceTitle "EXT 2024"]
[Source "ChessBase"]
[SourceDate "2023.10.10"]
[SourceVersion "1"]
[SourceVersionDate "2023.10.10"]
[SourceQuality "1"]

1. e4 e6 2. d4 d5 3. e5 c5 4. dxc5 Bxc5 5. Bd3 Qb6 6. Qe2 Nc6 7. Nf3 Nge7 8. 0-0 Ng6 9. Bxg6 hxg6 10. Nc3 Qc7 11. Be3 Be7 12. Nb5 Qb8 13. Bf4 Bd7 14. Rfe1 g5 15. Nxg5 f6 16. Nf3 Kf7 17. Bg3 Qg8 18. exf6 gxf6 19. Nc7 e5 20. Nxa8 Qxa8 21. Rad1 Be6 22. c3 a6 23. Nd4 Bd7 24. Nxc6 Bxc6 25. Qf3 e4 26. Qe2 Bc5 27. Bf4 Qc8 28. Be3 Bd6 29. h3 Rh4 30. f3 Be5 31. fxe4 dxe4 32. Qf2 Rh7 33. Bd4 Qe6 34. Bxe5 Qxe5 35. Re3 Rg7 36. Rf1 Rg5 37. Qf4 Ke6 38. Qxe5+ Kxe5 39. g4 Bd7 40. Kh2 Be6 41. b3 Rg7 42. Rd1 f5 43. gxf5 Bxf5 44. Rg3 Rh7 45. Rd8 Kf4 46. Kg2 Bd7 47. Rf8+ Ke5 48. Rg5+ Kd6 49. Rg3 Re7 50. Kf2 Bb5 51. c4 Bc6 52. Ke3 Kc5 53. Rg2 Kb4 54. Rd2 Rh7 55. Rh2 Kc3 56. Rff2 Rd7 57. Rc2+ Kb4 58. Rcd2 Rf7 59. h4 Rf3+ 60. Ke2 Kc3 61. Rd6 Kb2 62. Ke1+ Kc3 63. h5 Re3+ 64. Kf2 Rf3+ 65. Kg2 e3 66. Rxc6 Rf2+ 67. Kg1 Rxh2 68. Re6 Rxh5 69. Rxe3+ Kb4 70. Re7 b5 71. Rb7 Ka3 72. cxb5 Rxb5 73. Ra7 Kxa2 1/2-1/2